How to Observe Children (Record no. 5493)

MARC details
000 -LEADER
fixed length control field 00543nam a22002057a 4500
003 - CONTROL NUMBER IDENTIFIER
control field OSt
005 - DATE AND TIME OF LATEST TRANSACTION
control field 20170130182346.0
008 - FIXED-LENGTH DATA ELEMENTS--GENERAL INFORMATION
fixed length control field 170130b xxu||||| |||| 00| 0 eng d
020 ## - INTERNATIONAL STANDARD BOOK NUMBER
International Standard Book Number 9780435401863
040 ## - CATALOGING SOURCE
Transcribing agency DMLN
082 ## - DEWEY DECIMAL CLASSIFICATION NUMBER
Classification number WS103 R431p 2005
100 ## - MAIN ENTRY--PERSONAL NAME
Personal name Riddall-Leech, Sheila
9 (RLIN) 11464
245 ## - TITLE STATEMENT
Title How to Observe Children
260 ## - PUBLICATION, DISTRIBUTION, ETC. (IMPRINT)
Place of publication, distribution, etc. Oxford; Heinemann Educational, 2005
300 ## - PHYSICAL DESCRIPTION
Extent 162p; ill: 27cm
504 ## - BIBLIOGRAPHY, ETC. NOTE
Bibliography, etc References, & index included
650 ## - SUBJECT ADDED ENTRY--TOPICAL TERM
Topical term or geographic name as entry element Childcare
9 (RLIN) 11465
650 ## - SUBJECT ADDED ENTRY--TOPICAL TERM
Topical term or geographic name as entry element Paediatrics
9 (RLIN) 3350
942 ## - ADDED ENTRY ELEMENTS (KOHA)
Source of classification or shelving scheme Other/Generic Classification Scheme
Koha item type Open Shelf
Holdings
Withdrawn status Lost status Source of classification or shelving scheme Damaged status Not for loan Home library Current library Date acquired Source of acquisition Inventory number Total Checkouts Full call number Barcode Date last seen Koha item type Price effective from
    Other/Generic Classification Scheme     MUST Main Library MUST Main Library 30/01/2017   11/33000   WS103 R431p 2005 2017-0080 30/01/2017 Open Shelf  
    Dewey Decimal Classification     MUST Main Library MUST Main Library 13/02/2020 Donation 2010/32629   WS103 R431p 2005 2020-0464 13/02/2020 Open Shelf 13/02/2020